000 00584cam a22002053a 4500
001 38245
003 PGUSA
005 20140828083837.0
008 111207s2011||||xxu|||||s|||||000 | eng d
040 _aPGUSA
_beng
042 _adc
100 1 _aPortor, Laura Spencer
245 1 0 _aAtlantic Classics, Second Series
_h[electronic resource] /
_cLaura Spencer Portor
260 _bProject Gutenberg,
_c2011
506 _aPublic domain in the USA.
516 _aElectronic text
830 0 _aProject Gutenberg
_v38245
856 4 0 _uhttp://www.gutenberg.org/ebooks/38245
942 _cEB
999 _c267499
_d267499